Normal view
MARC view
- Pakistan
Entry Geographic Name
001 - CONTROL NUMBER
- control field: 19277
003 - CONTROL NUMBER IDENTIFIER
- control field: NUST
005 - DATE AND TIME OF LATEST TRANSACTION
- control field: 20190817051504.0
008 - FIXED-LENGTH DATA ELEMENTS
- fixed length control field: 190817|| aca||aabn | a|a d
040 ## - CATALOGING SOURCE
- Original cataloging agency: NUST
- Transcribing agency: NUST
151 ## - HEADING--GEOGRAPHIC NAME
- Geographic name: Pakistan
- General subdivision: Politics and government
- Form subdivision: Periodicals.
670 ## - SOURCE DATA FOUND
- Source citation: Work cat.: (NUST)0: Criterion., 2006-
